Vi sinh vật học đại cương : Giáo trình soạn theo chương trình đã được Bộ Giáo dục và Đào tạo ban hành theo Quyết định số 283/QĐ - ĐH ngày 19/5/1990 /

Zapisane w:
Opis bibliograficzny
Format: Sách giấy
Język:Vietnamese
Wydane: H. : Nông nghiệp, 2004
Wydanie:Tái bản lần thứ nhất
Hasła przedmiotowe:
Etykiety: Dodaj etykietę
Nie ma etykietki, Dołącz pierwszą etykiete!
Thư viện lưu trữ: Thư viện Trường Đại học Đà Lạt
LEADER 00883nam a2200301 4500
001 DLU060054783
005 ##20060814
040 # # |a DLU  |b vie 
041 # # |a vie 
044 # # |a vn 
082 # # |a 579  |b Vis 
245 # # |a Vi sinh vật học đại cương :  |b Giáo trình soạn theo chương trình đã được Bộ Giáo dục và Đào tạo ban hành theo Quyết định số 283/QĐ - ĐH ngày 19/5/1990 / 
250 # # |a Tái bản lần thứ nhất 
260 # # |a H. :  |b Nông nghiệp,  |c 2004 
300 # # |a 240 tr. :  |b minh hoạ ;  |c 27 cm 
504 # # |a Tài liệu tham khảo :tr.232 
653 # # |a Giáo trình 
653 # # |a Vi sinh vật học 
923 # # |a 15/2006 
992 # # |a 57.000 
994 # # |a DLU 
900 # # |a True 
911 # # |a Đào Thị Thu Huyền 
925 # # |a G 
926 # # |a A 
927 # # |a SH 
980 # # |a Thư viện Trường Đại học Đà Lạt